书目信息 |
| 题名: |
党员干部修养镜鉴
|
|
| 作者: | 于立志 编著 | |
| 分册: | ||
| 出版信息: | 北京 中国方正出版社 2001 |
|
| 页数: | 370页 | |
| 开本: | 20cm | |
| 丛书名: | ||
| 单 册: | ||
| 中图分类: | D262.3 | |
| 科图分类: | ||
| 主题词: | 中国共产党 | |
| 电子资源: | ||
| ISBN: | 7-80107-489-0 | |
| 000 | 00546nam0 2200193 450 | |
| 001 | 0741172646 | |
| 005 | 20070726090525.93 | |
| 010 | @a7-80107-489-0@dCNY22.00 | |
| 100 | @a20070720d2001 km y0chiy0120 ea | |
| 101 | 0 | @achi |
| 102 | @aCN | |
| 200 | 1 | @a党员干部修养镜鉴@Adang yuan gan bu xiu yang jing jian@f于立志编著@Fyu li zhi bian zhu |
| 210 | @a北京@c中国方正出版社@d2001 | |
| 215 | @a370页@d20cm | |
| 606 | 0 | @a中国共产党 |
| 690 | @aD262.3@v3 | |
| 701 | 0 | @a于立志@Ayu li zhi@4编著 |
| 801 | 0 | @aCN@bPFT@c20070726 |
| 905 | @a10447@dD262.3@e212 | |
| 党员干部修养镜鉴/于立志编著.-北京:中国方正出版社,2001 |
| 370页;20cm |
| ISBN 7-80107-489-0:CNY22.00 |
| ● |
| 相关链接 |
|
|
|
|
正题名:党员干部修养镜鉴
索取号:D262.3/212
 
预约/预借
| 序号 | 登录号 | 条形码 | 馆藏地/架位号 | 状态 | 备注 |
| 1 | 0769432 | 207694324 | 第一样本阅览室/ [索取号:D262.3/212] | 在馆 |